| 000 | 00762cam a22002413a 4500 | ||
|---|---|---|---|
| 001 | 28575 | ||
| 003 | PGUSA | ||
| 005 | 20140828083621.0 | ||
| 008 | 090422s2009||||xxu|||||s|||||000 | eng d | ||
| 040 |
_aPGUSA _beng |
||
| 042 | _adc | ||
| 050 | 4 | _aHF | |
| 100 | 1 | _aBlack, Madeleine | |
| 245 | 1 | 2 |
_aA Terminal Market System : _bNew York's Most Urgent Need; Some Observations, Comments, and Comparisons of European Markets _h[electronic resource] / _cMadeleine Black |
| 260 |
_bProject Gutenberg, _c2009 |
||
| 506 | _aPublic domain in the USA. | ||
| 516 | _aElectronic text | ||
| 653 | _aMarkets -- New York (State) -- New York | ||
| 653 | _aMarkets | ||
| 830 | 0 |
_aProject Gutenberg _v28575 |
|
| 856 | 4 | 0 | _uhttp://www.gutenberg.org/ebooks/28575 |
| 942 | _cEB | ||
| 999 |
_c257830 _d257830 |
||